Harry Styles - Chansons par ordre alphabétique - Statistiques

Statistiques générales
  • Ce quiz a été pris 256 fois
  • Le résultat moyen est 29 sur 36
Statistiques - réponses
Hint Réponse % Correct
A As It Was
94%
K Kiwi
92%
W Watermelon Sugar
92%
F Fine Line
91%
A Adore You
88%
B Boyfriends
88%
M Matilda
88%
C Carolina
87%
C Cherry
87%
D Daylight
86%
E Ever Since New York
86%
S Satellite
85%
S Sign of the Times
85%
T Treat People with Kindness
85%
F Falling
84%
G Golden
84%
G Grapejuice
83%
D Daydreaming
82%
L Lights Up
82%
M Music for a Sushi Restaurant
82%
L Late Night Talking
81%
L Love of My Life
81%
M Meet Me in the Hallway
81%
F From the Dining Table
80%
C Canyon Moon
79%
K Keep Driving
79%
O Only Angel
79%
T Two Ghosts
79%
C Cinema
78%
L Little Freak
76%
S She
76%
S Sweet Creature
75%
W Woman
75%
S Sunflower, Vol. 6
73%
T To Be So Lonely
72%
G Girl Crush
48%
Aucun quiz correspondant
Distribution des résultats
% des personnes avec chaque résultat
Percentile par nombre de réponses
Votre historique - résultats
Vous n’avez pas pris ce quiz